[Event "FRA-chT4 0506"]
[Site "France"]
[Date "2005.12.04"]
[Round "3"]
[White "Dhaussy, Zelie"]
[Black "Robert, Emmanuel"]
[Result "1-0"]
[WhiteElo "1780"]
[BlackElo "1570"]
[PlyCount "51"]
[EventDate "2005.10.02"]
[EventType "team"]
[EventRounds "9"]
[EventCountry "FRA"]
[SourceTitle "EXT 2007"]
[Source "ChessBase"]
[SourceDate "2006.11.23"]
[SourceVersion "1"]
[SourceVersionDate "2006.11.23"]
[SourceQuality "1"]

1. e4 d5 2. exd5 Nf6 3. Nc3 c6 4. dxc6 Nxc6 5. Bb5 e5 6. h3 Bc5 7. Nf3 Qc7 8. d4 exd4 9. Nxd4 0-0 10. Nxc6 bxc6 11. Bc4 Bf5 12. 0-0 Rad8 13. Qf3 Bxc2 14. Bf4 Qb7 15. a3 Rd4 16. Be2 Be4 17. Qg3 Rfd8 18. Be3 Bd6 19. Qh4 h6 20. Bxd4 Bh2+ 21. Kxh2 Rxd4 22. Rad1 Rxd1 23. Rxd1 Qxb2 24. Nxe4 Qxe2 25. Nxf6+ gxf6 26. Rd8+ 1-0

[Event "FRA-chT4 0304"]
[Site "Champagne Ardenne"]
[Date "2003.11.16"]
[Round "2"]
[White "Kruk, Eugene"]
[Black "Robert, Emmanuel"]
[Result "0-1"]
[WhiteElo "1700"]
[BlackElo "1580"]
[PlyCount "49"]
[EventDate "2003.10.??"]
[EventRounds "6"]
[EventCountry "FRA"]
[SourceTitle "EXT 2005"]
[Source "ChessBase"]
[SourceDate "2004.11.15"]
[SourceVersion "1"]
[SourceVersionDate "2004.11.15"]
[SourceQuality "1"]

1. e4 d5 2. e5 c5 3. d4 cxd4 4. Qxd4 Nc6 5. Qa4 Bd7 6. Qf4 e6 7. Nf3 Nb4 8. Qd2 Rc8 9. c3 Nc6 10. Bb5 a6 11. Bxc6 Bxc6 12. 0-0 Bc5 13. Nd4 Ne7 14. Qf4 Ng6 15. Qg3 0-0 16. Kh1 Qb6 17. Nc2 Bb5 18. Ne3 Bxf1 19. Nxf1 Bxf2 20. Qg5 f6 21. exf6 Rxf6 22. h3 Bh4 23. Qe3 Rxf1+ 24. Kh2 Qxe3 25. Bxe3 0-1